| Tag |
First Indicator |
Second Indicator |
Subfields |
| LEADER |
00000cam a2200000 4500 |
| 001 |
in00000036466 |
| 005 |
20151007060858.0 |
| 008 |
791001s1949 au b 001 0 ger |
| 010 |
|
|
|a a 51002694
|
| 035 |
|
|
|a (OCoLC)05454539
|
| 035 |
|
|
|9 AAD0456AM
|
| 040 |
|
|
|a DLC
|c VHC
|d TXA
|d UtOrBLW
|
| 049 |
|
|
|a TXAM
|c [193522]
|
| 050 |
|
0 |
|a PS2636
|b .K8
|
| 092 |
|
|
|a 813
|b P743Yk
|
| 100 |
1 |
|
|a Kühnelt, Harro H.
|q (Harro Heinz)
|
| 245 |
1 |
4 |
|a Die Bedeutung von Edgar Allan Poe fur die englische Literatur :
|b Eine Studie anlasslich des 100. Todestages des Dichters /
|c von Harro Heinz Kuhnelt.
|
| 264 |
|
1 |
|a Innsbruck :
|b Wagner'sche Universitats-Buchhandlung (E. Schumacher),
|c 1949.
|
| 300 |
|
|
|a 320 pages ;
|c 22 cm.
|
| 336 |
|
|
|a text
|b txt
|2 rdacontent
|
| 337 |
|
|
|a unmediated
|b n
|2 rdamedia
|
| 338 |
|
|
|a volume
|b nc
|2 rdacarrier
|
| 500 |
|
|
|a "Druckfehlerberichtigung": slip inserted.
|
| 504 |
|
|
|a Includes bibliographical references (pages 305-313) and index.
|
| 505 |
0 |
|
|a Die Zeit.--Edgar Allan Poe.--Dante Gabriel Rossetti.--William Morris.--Oscar Wilde.--Algernon Charles Swinburne.--Robert Louis Stevenson.--Die "short story."--Die "detective novel."--Die pseudowissenschaftliche Erzahlung.--Das ubernaturliche im englischen Schrifttum.--Das Abklingen von E.A. Poes Einfluss.--Literaturnachweis.
|
| 600 |
1 |
0 |
|a Poe, Edgar Allan,
|d 1809-1849.
|
| 650 |
|
0 |
|a Comparative literature
|x American and English.
|
| 650 |
|
0 |
|a Comparative literature
|x English and American.
|
| 999 |
|
|
|a MARS
|
| 999 |
f |
f |
|s ea0ec53d-04c0-34dd-93e8-1f591c2164bd
|i 62faeb5d-0f55-30e8-a875-f82eeca73561
|t 0
|
| 952 |
f |
f |
|p ric
|a Texas A&M University
|b Rellis Campus
|c Joint Library Facility
|d Remote Storage
|t 0
|e PS2636 .K8
|h Library of Congress classification
|i unmediated -- volume
|m A14801248195
|
| 998 |
f |
f |
|a PS2636 .K8
|t 0
|l Remote Storage
|